00576nam a22002177a 4500003000500000005001700005008004100022010001000063011001000073020001500083035001100098040000900109082001800118100002200136245008300158260003400241300001400275650003500289650001700324700001700341CHAP20220329143352.0090102s2007 ii r 00010 eng d a95603 a96575 a1842651692 a107229 cCHAP04a515.7242bD881 aDukkipati, Rao V.10aVibrations :bproblem solving companionc/por Rao V. Dukkipati and J. Srinivas aIndia :bAlfa Science,cc2007 ax, 535 p.04aEcuaciones de EulerxLagrange.04aVibración.1 aSrinivas, J.